Guess the 1960s song lyrics #29 - Statistics

General Stats
  • This quiz has been taken 32 times
    7 since last reset
  • The average score is 86 of 133
Answer Stats
Answer % Correct
a
100%
And
100%
and
100%
He
100%
I
100%
she
100%
the
100%
was
100%
you
100%
all
83%
at
83%
do
83%
Don't
83%
Go
83%
go
83%
had
83%
Have
83%
her
83%
if
83%
is
83%
know
83%
of
83%
on
83%
that
83%
to
83%
When
83%
White
83%
your
83%
Alice
67%
anything
67%
Has
67%
just
67%
Knight
67%
makes
67%
One
67%
one
67%
pill
67%
small
67%
what
67%
where
67%
with
67%
you're
67%
you've
67%
ask
50%
chasing
50%
feet
50%
Get
50%
gives
50%
going
50%
head
50%
larger
50%
men
50%
mother
50%
off
50%
ones
50%
Queen's
50%
rabbits
50%
Red
50%
she's
50%
tall
50%
ten
50%
think
50%
up
50%
backwards
33%
dead
33%
Dormouse
33%
Feed
33%
given
33%
Remember
33%
said
33%
she'll
33%
sloppy
33%
some
33%
talking
33%
Tell
33%
tell
33%
board
17%
call
17%
called
17%
caterpillar
17%
chess
17%
em
17%
fall
17%
fallen
17%
hookah
17%
kind
17%
logic
17%
low
17%
mind
17%
moving
17%
mushroom
17%
proportion
17%
smoking
17%
No matching quizzes found
Score Distribution
Percent of People with Each Score
Percentile by Number Answered
Your Score History
You have not taken this quiz since the last reset